| 000 | 00456nam a2200157 4500 | ||
|---|---|---|---|
| 001 | 145011 | ||
| 003 | ES-MaACL | ||
| 005 | 20230906201139.0 | ||
| 007 | t| | ||
| 008 | 070214s1964 sp r ||||1| spa d | ||
| 100 | 1 |
_aSosa Alamo, Sebastián. _9107438 |
|
| 245 | 1 | 0 |
_aSin luz en la bahía _b: poemas / _cSebastián Sosa Alamo. |
| 260 |
_aGáldar (Islas Canarias) : _b[s. n.], _c1964. |
||
| 300 |
_a62 p. ; _c18 cm. |
||
| 852 |
_aES-MaACL _jC-25716 _bR.54478 |
||
| 999 |
_c145011 _d145011 |
||